Optimalizácia spotreby energií v kaliarni so zameraním na procesné plyny
Enregistré dans:
| Auteur principal: | |
|---|---|
| Autres auteurs: | |
| Format: | Manuscrit Livre |
| Langue: | slovaque |
| Publié: |
2021
|
| Sujets: | |
| Accès en ligne: | http://is.stuba.sk/zp/portal_zp.pl?podrobnosti=165813 |
| Tags: |
Pas de tags, Soyez le premier à ajouter un tag!
|
MARC
| LEADER | 00000ntm a22000003a 4500 | ||
|---|---|---|---|
| 001 | stuzp84060 | ||
| 003 | SK-STU | ||
| 005 | 20210703212457.1 | ||
| 007 | ta | ||
| 008 | 150427s2015----xo-----f-mn---000-0-slo-d | ||
| 040 | |a STU |b slo | ||
| 041 | 0 | |a slo | |
| 100 | 1 | |a Baran, Lukáš |u 063000 |4 aut |U MTF Materiálovotechnologická fakulta |T MTF Ústav výrobných technológií |X 93971 |U M3000 |Y 83 |7 93971 | |
| 242 | 0 | 1 | |a Optimization of energy consumption in the quenchery with a focus on process gases |y eng |
| 245 | 1 | 0 | |a Optimalizácia spotreby energií v kaliarni so zameraním na procesné plyny |
| 260 | |c 2021 | ||
| 650 | 4 | |a zníženie nákladov |2 slo | |
| 650 | 4 | |a tepelné spracovanie |2 slo | |
| 650 | 4 | |a procesné plyny |2 slo | |
| 650 | 4 | |a technické opatrenia |2 slo | |
| 650 | 4 | |a technical measures |2 eng | |
| 650 | 4 | |a heat treatment |2 eng | |
| 650 | 4 | |a reduction of operating costs |2 eng | |
| 650 | 4 | |a process gases |2 eng | |
| 700 | 1 | |a Hrušková, Erika |u 063800 |k Z2 |4 ths |U MTF Ústav výrobných technológií |T MTF Katedra výrobných zariadení a systémov |X 2876 |U M3800 |Y 660 |7 A000002876 | |
| 856 | 4 | |u http://is.stuba.sk/zp/portal_zp.pl?podrobnosti=165813 | |
| 996 | |c M* BP-9029 |l MMSKP |s P |a 0 |w stuzp84060_0001 | ||